[Event "VII Lorca Open 2018"]
[Site "Lorca"]
[Date "2018.12.30"]
[Round "8"]
[White "Ibarra Jerez, Jose Carlos"]
[Black "Guerra Rivera, Salvador"]
[Result "1/2-1/2"]
[WhiteElo "2558"]
[BlackElo "2343"]
[Annotator "ChessBase"]
[PlyCount "68"]
[EventDate "2018.12.26"]
[EventType "swiss"]
[EventCountry "ESP"]
[SourceTitle "playchess.com"]
[Source "ChessBase"]
[SourceQuality "1"]
[TimeControl "5400+30"]

1. g3 {[%emt 0:00:00]} Nf6 {[%emt 0:03:40]} 2. Bg2 {[%emt 0:01:27]} d5 {[%emt 0:02:54]} 3. c4 {[%emt 0:04:58]} e6 {[%emt 0:00:59]} 4. Nf3 {[%emt 0:02:36]} dxc4 {[%emt 0:01:04]} 5. Qa4+ {[%emt 0:04:21]} Nbd7 {[%emt 0:01:57]} 6. Qxc4 {[%emt 0:03:40]} a6 {[%emt 0:01:19]} 7. Qc2 {[%emt 0:03:43]} Rb8 {[%emt 0:06:22]} 8. d3 {[%emt 0:05:49]} b5 {[%emt 0:08:15]} 9. O-O {[%emt 0:09:47]} Bb7 {[%emt 0:01:04]} 10. b3 {[%emt 0:08:25]} c5 {[%emt 0:02:38]} 11. Bb2 {[%emt 0:01:31]} Be7 {[%emt 0:00:59]} 12. Nbd2 {[%emt 0:00:29]} O-O {[%emt 0:01:13]} 13. Rac1 {[%emt 0:01:43]} Rc8 {[%emt 0:05:43]} 14. Qb1 {[%emt 0:04:09]} Qb6 {[%emt 0:01:25]} 15. h3 {[%emt 0:02:04]} Rfd8 {[%emt 0:03:00]} 16. Rfe1 {[%emt 0:01:45]} Nf8 {[%emt 0:10:13]} 17. a3 {[%emt 0:03:57]} Ng6 {[%emt 0:02:27]} 18. e3 {[%emt 0:09:39]} Qd6 {[%emt 0:10:05]} 19. Bf1 {[%emt 0:00:24]} e5 {[%emt 0:04:09]} 20. e4 {[%emt 0:02:11]} h5 {[%emt 0:04:23]} 21. Qa1 {[%emt 0:02:15]} Nd7 {[%emt 0:02:21]} 22. h4 {[%emt 0:00:45]} Bf6 {[%emt 0:01:52]} 23. Bc3 {[%emt 0:01:52]} Ne7 {[%emt 0:03:05]} 24. b4 {[%emt 0:06:50]} Nc6 {[%emt 0:01:14]} 25. Rb1 {[%emt 0:00:30]} cxb4 {[%emt 0:01:56]} 26. axb4 {[%emt 0:00:14]} Nb6 {[%emt 0:00:16]} 27. Bb2 {[%emt 0:05:46]} Na4 {[%emt 0:03:11]} 28. Ba3 {[%emt 0:00:11]} Rc7 {[%emt 0:03:30]} 29. Nb3 {[%emt 0:02:18]} Bc8 {[%emt 0:00:58]} 30. Rec1 {[%emt 0:01:32]} Bg4 {[%emt 0:01:12]} 31. Nh2 {[%emt 0:01:58]} Be6 {[%emt 0:01:20]} 32. Nf3 {[%emt 0:00:17]} Bg4 {[%emt 0:00:12]} 33. Nh2 {[%emt 0:00:42]} Be6 {[%emt 0:00:04]} 34. Nf3 {[%emt 0:00:19]} Bg4 {[%emt 0:00:12]} 1/2-1/2

[Event "VII Lorca Open 2018"]
[Site "Lorca"]
[Date "2018.12.30"]
[Round "8"]
[White "Grigoryan, Karen H."]
[Black "Gomez Ledo, Roberto Carlos"]
[Result "1-0"]
[WhiteElo "2557"]
[BlackElo "2448"]
[Annotator "ChessBase"]
[PlyCount "73"]
[EventDate "2018.12.26"]
[EventType "swiss"]
[EventCountry "ESP"]
[SourceTitle "playchess.com"]
[Source "ChessBase"]
[SourceQuality "1"]
[TimeControl "5400+30"]

1. e4 {[%emt 0:00:00]} d6 {[%emt 0:00:14]} 2. d4 {[%emt 0:00:00]} Nf6 {[%emt 0:00:08]} 3. f3 {[%emt 0:00:16]} e5 {[%emt 0:00:37]} 4. Ne2 {[%emt 0:02:13]} Be7 {[%emt 0:02:38]} 5. c4 {[%emt 0:02:51]} O-O {[%emt 0:07:58]} 6. Be3 {[%emt 0:00:44]} c6 {[%emt 0:05:51]} 7. Nbc3 {[%emt 0:07:18]} a6 {[%emt 0:02:00]} 8. d5 {[%emt 0:00:57]} b5 {[%emt 0:07:34]} 9. Nc1 {[%emt 0:04:00]} b4 {[%emt 0:03:00]} 10. N3e2 {[%emt 0:00:30]} Ne8 {[%emt 0:11:33]} 11. Qd2 {[%emt 0:01:36]} a5 {[%emt 0:04:43]} 12. a3 {[%emt 0:02:10]} c5 {[%emt 0:02:37]} 13. axb4 {[%emt 0:02:02]} cxb4 {[%emt 0:00:10]} 14. Nd3 {[%emt 0:02:52]} Ba6 {[%emt 0:03:55]} 15. b3 {[%emt 0:05:06]} Nd7 {[%emt 0:00:36]} 16. g3 {[%emt 0:01:09]} f5 {[%emt 0:05:19]} 17. exf5 {[%emt 0:01:06]} Rxf5 {[%emt 0:00:08]} 18. Bg2 {[%emt 0:01:16]} Bg5 {[%emt 0:19:36]} 19. Bh3 {[%emt 0:03:47]} Bxe3 {[%emt 0:03:00]} 20. Qxe3 {[%emt 0:00:23]} g6 {[%emt 0:01:05]} 21. Bxf5 {[%emt 0:00:44]} gxf5 {[%emt 0:00:01]} 22. O-O {[%emt 0:00:49]} Ng7 {[%emt 0:00:48]} 23. f4 {[%emt 0:02:16]} Qc7 {[%emt 0:04:59]} 24. fxe5 {[%emt 0:00:36]} dxe5 {[%emt 0:00:23]} 25. Ra2 {[%emt 0:04:27]} Bb7 {[%emt 0:04:22]} 26. Rfa1 {[%emt 0:00:55]} Re8 {[%emt 0:01:44]} 27. Rxa5 {[%emt 0:02:47]} f4 {[%emt 0:01:07]} 28. gxf4 {[%emt 0:00:13]} exf4 {[%emt 0:00:48]} 29. Qf2 {[%emt 0:00:20]} Nf6 {[%emt 0:03:05]} 30. Nexf4 {[%emt 0:01:12]} Ne4 {[%emt 0:02:01]} 31. Qg2 {[%emt 0:00:19]} Kh8 {[%emt 0:01:49]} 32. Kh1 {[%emt 0:00:15]} Nf5 {[%emt 0:01:30]} 33. Rb5 {[%emt 0:02:55]} Nc3 {[%emt 0:00:40]} 34. Rxb4 {[%emt 0:00:32]} Ba8 {[%emt 0:00:23]} 35. Qb2 {[%emt 0:04:18]} Qg7 {[%emt 0:00:27]} 36. Rc1 {[%emt 0:00:23]} Nd4 {[%emt 0:00:36]} 37. Qxc3 {[%emt 0:00:51]} 1-0

[Event "VII Lorca Open 2018"]
[Site "Lorca"]
[Date "2018.12.30"]
[Round "8"]
[White "Nasuta, Grzegorz"]
[Black "Silva Lucena, Cristian"]
[Result "1/2-1/2"]
[WhiteElo "2530"]
[BlackElo "2197"]
[Annotator "ChessBase"]
[PlyCount "69"]
[EventDate "2018.12.26"]
[EventType "swiss"]
[EventCountry "ESP"]
[SourceTitle "playchess.com"]
[Source "ChessBase"]
[SourceQuality "1"]
[TimeControl "5400+30"]

1. e4 {[%emt 0:00:00]} e5 {[%emt 0:03:56]} 2. Nc3 {[%emt 0:00:00]} Nf6 {[%emt 0:00:39]} 3. g3 {[%emt 0:00:00]} d5 {[%emt 0:00:30]} 4. exd5 {[%emt 0:00:00]} Nxd5 {[%emt 0:00:05]} 5. Bg2 {[%emt 0:00:00]} Nxc3 {[%emt 0:00:33]} 6. bxc3 {[%emt 0:00:07]} Bc5 {[%emt 0:00:22]} 7. Nf3 {[%emt 0:07:54]} Nc6 {[%emt 0:00:26]} 8. O-O {[%emt 0:00:07]} O-O {[%emt 0:00:25]} 9. Re1 {[%emt 0:00:05]} Re8 {[%emt 0:00:53]} 10. d4 {[%emt 0:01:00]} exd4 {[%emt 0:05:52]} 11. Rxe8+ {[%emt 0:00:08]} Qxe8 {[%emt 0:00:06]} 12. cxd4 {[%emt 0:00:05]} Bd6 {[%emt 0:02:00]} 13. Bb2 {[%emt 0:05:16]} Bg4 {[%emt 0:04:52]} 14. Qd2 {[%emt 0:07:19]} f6 {[%emt 0:12:16]} 15. Re1 {[%emt 0:19:53]} Qh5 {[%emt 0:08:27]} 16. Qe3 {[%emt 0:04:09]} Qb5 {[%emt 0:04:33]} 17. Ba3 {[%emt 0:24:32]} Bxa3 {[%emt 0:13:26]} 18. Qxa3 {[%emt 0:00:09]} Bxf3 {[%emt 0:00:10]} 19. Qxf3 {[%emt 0:00:12]} Nxd4 {[%emt 0:00:07]} 20. Qg4 {[%emt 0:09:09]} Rd8 {[%emt 0:09:54]} 21. Re7 {[%emt 0:03:11]} g6 {[%emt 0:00:03]} 22. c3 {[%emt 0:06:58]} f5 {[%emt 0:04:51]} 23. Qd1 {[%emt 0:03:14]} Nc6 {[%emt 0:01:12]} 24. Rd7 {[%emt 0:00:07]} Rxd7 {[%emt 0:00:10]} 25. Qxd7 {[%emt 0:00:02]} Qb1+ {[%emt 0:00:10]} 26. Bf1 {[%emt 0:00:07]} Qxa2 {[%emt 0:00:08]} 27. Qc8+ {[%emt 0:02:16]} Kg7 {[%emt 0:01:02]} 28. Qxb7 {[%emt 0:02:18]} Qe6 {[%emt 0:00:14]} 29. Qxc7+ {[%emt 0:00:08]} Kh6 {[%emt 0:00:09]} 30. h4 {[%emt 0:05:00]} a5 {[%emt 0:00:51]} 31. Qf4+ {[%emt 0:00:17]} Kg7 {[%emt 0:00:12]} 32. h5 {[%emt 0:00:23]} Ne5 {[%emt 0:02:56]} 33. Qd4 {[%emt 0:01:10]} gxh5 {[%emt 0:00:53]} 34. f4 {[%emt 0:00:13]} h4 {[%emt 0:00:59]} 35. gxh4 {[%emt 0:00:52]} 1/2-1/2

[Event "VII Lorca Open 2018"]
[Site "Lorca"]
[Date "2018.12.30"]
[Round "8"]
[White "Gascon Del Nogal, Jose Rafael"]
[Black "Espineira Gonzalez, Diego"]
[Result "1/2-1/2"]
[WhiteElo "2484"]
[BlackElo "2299"]
[Annotator "ChessBase"]
[PlyCount "110"]
[EventDate "2018.12.26"]
[EventType "swiss"]
[EventCountry "ESP"]
[SourceTitle "playchess.com"]
[Source "ChessBase"]
[SourceQuality "1"]
[TimeControl "5400+30"]

1. d4 {[%emt 0:00:00]} d5 {[%emt 0:07:57]} 2. c4 {[%emt 0:00:00]} e6 {[%emt 0:00:05]} 3. Nc3 {[%emt 0:00:02]} Nf6 {[%emt 0:00:17]} 4. Bg5 {[%emt 0:00:08]} Be7 {[%emt 0:00:51]} 5. e3 {[%emt 0:00:06]} O-O {[%emt 0:00:40]} 6. Nf3 {[%emt 0:00:12]} h6 {[%emt 0:01:03]} 7. Bh4 {[%emt 0:06:56]} c6 {[%emt 0:00:28]} 8. Qc2 {[%emt 0:00:12]} Nbd7 {[%emt 0:00:35]} 9. O-O-O {[%emt 0:02:13]} a6 {[%emt 0:04:05]} 10. Rg1 {[%emt 0:01:05]} dxc4 {[%emt 0:03:53]} 11. g4 {[%emt 0:00:52]} Nh7 {[%emt 0:05:58]} 12. Bxe7 {[%emt 0:01:21]} Qxe7 {[%emt 0:00:05]} 13. Bxc4 {[%emt 0:03:39]} Ng5 {[%emt 0:17:35]} 14. Nxg5 {[%emt 0:01:39]} hxg5 {[%emt 0:00:15]} 15. h4 {[%emt 0:00:08]} gxh4 {[%emt 0:01:59]} 16. g5 {[%emt 0:00:22]} g6 {[%emt 0:00:04]} 17. f4 {[%emt 0:00:15]} Kg7 {[%emt 0:02:37]} 18. Rh1 {[%emt 0:01:26]} Rh8 {[%emt 0:00:24]} 19. Qf2 {[%emt 0:00:12]} b5 {[%emt 0:00:53]} 20. Rxh4 {[%emt 0:00:35]} Bb7 {[%emt 0:00:20]} 21. Rdh1 {[%emt 0:18:02]} bxc4 {[%emt 0:04:28]} 22. Ne4 {[%emt 0:00:09]} c5 {[%emt 0:01:36]} 23. Qh2 {[%emt 0:00:17]} Qd8 {[%emt 0:00:47]} 24. Rh7+ {[%emt 0:01:50]} Rxh7 {[%emt 0:00:04]} 25. Qxh7+ {[%emt 0:00:06]} Kf8 {[%emt 0:00:03]} 26. Nd6 {[%emt 0:00:20]} Ke7 {[%emt 0:00:24]} 27. Nxf7 {[%emt 0:02:06]} Qe8 {[%emt 0:00:56]} 28. Ne5+ {[%emt 0:00:37]} Kd8 {[%emt 0:02:31]} 29. Rd1 {[%emt 0:17:01]} Qe7 {[%emt 0:08:18]} 30. Qxg6 {[%emt 0:10:21]} Nxe5 {[%emt 0:02:17]} 31. dxe5+ {[%emt 0:03:01]} Kc7 {[%emt 0:00:55]} 32. Qc2 {[%emt 0:03:57]} Rd8 {[%emt 0:10:02]} 33. Rxd8 {[%emt 0:00:41]} Qxd8 {[%emt 0:00:04]} 34. Qxc4 {[%emt 0:00:27]} Qd5 {[%emt 0:01:47]} 35. Qxd5 {[%emt 0:00:18]} Bxd5 {[%emt 0:00:05]} 36. g6 {[%emt 0:00:30]} Be4 {[%emt 0:00:04]} 37. g7 {[%emt 0:00:02]} Bh7 {[%emt 0:00:05]} 38. Kd2 {[%emt 0:00:33]} Kc6 {[%emt 0:01:24]} 39. e4 {[%emt 0:01:22]} Kd7 {[%emt 0:01:27]} 40. Kc3 {[%emt 0:09:32]} Ke7 {[%emt 0:00:46]} 41. f5 {[%emt 0:02:11]} exf5 {[%emt 0:01:12]} 42. exf5 {[%emt 0:00:14]} Kf7 {[%emt 0:00:11]} 43. f6 {[%emt 0:00:07]} Ke6 {[%emt 0:00:21]} 44. Kc4 {[%emt 0:00:13]} Bg8 {[%emt 0:00:07]} 45. Kxc5 {[%emt 0:00:05]} Kxe5 {[%emt 0:01:04]} 46. a4 {[%emt 0:00:08]} Kxf6 {[%emt 0:00:24]} 47. Kb6 {[%emt 0:00:06]} Bc4 {[%emt 0:01:20]} 48. g8=Q {[%emt 0:00:06]} Bxg8 {[%emt 0:00:03]} 49. Kxa6 {[%emt 0:00:04]} Bb3 {[%emt 0:03:45]} 50. a5 {[%emt 0:00:04]} Ke6 {[%emt 0:00:06]} 51. Kb7 {[%emt 0:03:22]} Kd5 {[%emt 0:00:38]} 52. Kb6 {[%emt 0:00:11]} Kc4 {[%emt 0:00:47]} 53. a6 {[%emt 0:00:22]} Bd1 {[%emt 0:00:17]} 54. a7 {[%emt 0:00:32]} Bf3 {[%emt 0:00:06]} 55. b4 {[%emt 0:00:07]} Kxb4 {[%emt 0:00:07]} 1/2-1/2

[Event "VII Lorca Open 2018"]
[Site "Lorca"]
[Date "2018.12.30"]
[Round "8"]
[White "Pap, Misa"]
[Black "Domingo Nunez, Alejandro"]
[Result "1-0"]
[WhiteElo "2480"]
[BlackElo "2404"]
[Annotator "ChessBase"]
[PlyCount "79"]
[EventDate "2018.12.26"]
[EventType "swiss"]
[EventCountry "ESP"]
[SourceTitle "playchess.com"]
[Source "ChessBase"]
[SourceQuality "1"]
[TimeControl "5400+30"]

1. e4 {[%emt 0:00:00]} e6 {[%emt 0:00:07]} 2. d4 {[%emt 0:00:00]} d5 {[%emt 0:00:03]} 3. Nd2 {[%emt 0:00:17]} Be7 {[%emt 0:00:03]} 4. Ngf3 {[%emt 0:00:24]} Nf6 {[%emt 0:00:21]} 5. e5 {[%emt 0:00:05]} Nfd7 {[%emt 0:00:04]} 6. Bd3 {[%emt 0:00:28]} c5 {[%emt 0:00:06]} 7. c3 {[%emt 0:00:05]} Nc6 {[%emt 0:00:14]} 8. O-O {[%emt 0:00:18]} g5 {[%emt 0:00:10]} 9. dxc5 {[%emt 0:00:07]} g4 {[%emt 0:00:20]} 10. Nd4 {[%emt 0:00:11]} Ndxe5 {[%emt 0:00:32]} 11. Bb5 {[%emt 0:00:38]} Bd7 {[%emt 0:01:29]} 12. N2b3 {[%emt 0:00:21]} h5 {[%emt 0:04:59]} 13. Re1 {[%emt 0:00:38]} Ng6 {[%emt 0:14:14]} 14. Bd3 {[%emt 0:21:11]} Rg8 {[%emt 0:10:14]} 15. Bxg6 {[%emt 0:11:28]} Rxg6 {[%emt 0:01:02]} 16. Bf4 {[%emt 0:03:04]} Kf8 {[%emt 0:11:30]} 17. Qd3 {[%emt 0:06:30]} Kg7 {[%emt 0:08:53]} 18. Rad1 {[%emt 0:08:17]} Bf6 {[%emt 0:16:40]} 19. c4 {[%emt 0:04:31]} Ne7 {[%emt 0:01:08]} 20. Be5 {[%emt 0:08:25]} dxc4 {[%emt 0:01:09]} 21. Bxf6+ {[%emt 0:00:56]} Rxf6 {[%emt 0:00:07]} 22. Qxc4 {[%emt 0:00:34]} Qc7 {[%emt 0:00:16]} 23. Nd2 {[%emt 0:06:35]} a6 {[%emt 0:19:25]} 24. Ne4 {[%emt 0:00:26]} Rg6 {[%emt 0:00:03]} 25. Qc3 {[%emt 0:04:01]} Kg8 {[%emt 0:01:30]} 26. Nc2 {[%emt 0:11:05]} Nd5 {[%emt 0:05:16]} 27. Rxd5 {[%emt 0:02:24]} exd5 {[%emt 0:00:02]} 28. Nf6+ {[%emt 0:00:08]} Rxf6 {[%emt 0:01:50]} 29. Qxf6 {[%emt 0:00:06]} Re8 {[%emt 0:00:39]} 30. Qg5+ {[%emt 0:02:11]} Kf8 {[%emt 0:00:07]} 31. Qh6+ {[%emt 0:00:19]} Kg8 {[%emt 0:00:12]} 32. Rxe8+ {[%emt 0:00:29]} Bxe8 {[%emt 0:00:04]} 33. Qxh5 {[%emt 0:02:10]} Qxc5 {[%emt 0:00:16]} 34. Qxg4+ {[%emt 0:00:06]} Kh7 {[%emt 0:00:28]} 35. Qh3+ {[%emt 0:01:40]} Kg8 {[%emt 0:00:24]} 36. Qc3 {[%emt 0:00:19]} Qe7 {[%emt 0:01:28]} 37. Nd4 {[%emt 0:00:14]} Qe4 {[%emt 0:00:05]} 38. h3 {[%emt 0:01:10]} Qb1+ {[%emt 0:00:45]} 39. Kh2 {[%emt 0:00:08]} Qxa2 {[%emt 0:00:02]} 40. Nf5 {[%emt 0:00:22]} 1-0

[Event "VII Lorca Open 2018"]
[Site "Lorca"]
[Date "2018.12.30"]
[Round "8"]
[White "Franco Ocampos, Zenon"]
[Black "Bjerre, Jonas Buhl"]
[Result "1/2-1/2"]
[WhiteElo "2477"]
[BlackElo "2421"]
[Annotator "TA"]
[PlyCount "37"]
[EventDate "2018.12.26"]
[EventType "swiss"]
[EventCountry "ESP"]
[SourceTitle "playchess.com"]
[Source "ChessBase"]
[SourceQuality "1"]

{[%evp 25,37,-9,-14,-8,-12,-5,-10,-28,-24,-22,-25,-12,-15,-15]} 1. c4 c5 2. Nf3 Nc6 3. Nc3 g6 4. e3 Nf6 5. d4 cxd4 6. exd4 d5 7. cxd5 Nxd5 8. Bc4 Nb6 9. Bb3 Bg7 10. Be3 $146 {B14: Caro-Kann: Panov-Botvinnik Attack with 5...e6 and 5...g6} (10. O-O O-O 11. d5 Na5 12. h3 Re8 13. Re1 Bxc3 14. bxc3 Nxb3 15. axb3 Qxd5 16. Be3 Qxd1 17. Rexd1 Be6 18. c4 Nc8 19. Ng5 Nd6 20. Nxe6 fxe6 21. Bxa7 {½-½ (32) Fressinet,L (2662)-Safarli,E (2639) Riadh 2017}) 10... O-O 11. d5 Na5 12. Bd4 Nxb3 13. axb3 e5 {LiveBook: 4 Games} 14. dxe6 ({But not} 14. Bxe5 $2 Re8 $19) 14... Bxe6 15. O-O Bg4 {[#] White must now prevent ...Bxf3.} 16. Bxg7 Kxg7 17. h3 Qxd1 18. Rfxd1 Bxf3 19. gxf3 1/2-1/2

[Event "VII Lorca Open 2018"]
[Site "Lorca"]
[Date "2018.12.30"]
[Round "8"]
[White "Nayhebaver, Martin"]
[Black "Valmana Canto, Jaime"]
[Result "0-1"]
[WhiteElo "2460"]
[BlackElo "2359"]
[Annotator "ChessBase"]
[PlyCount "142"]
[EventDate "2018.12.26"]
[EventType "swiss"]
[EventCountry "ESP"]
[SourceTitle "playchess.com"]
[Source "ChessBase"]
[SourceQuality "1"]
[TimeControl "5400+30"]

1. e4 {[%emt 0:00:00]} e6 {[%emt 0:08:55]} 2. d4 {[%emt 0:00:00]} d5 {[%emt 0:00:14]} 3. Nd2 {[%emt 0:00:21]} c5 {[%emt 0:00:18]} 4. exd5 {[%emt 0:00:24]} Qxd5 {[%emt 0:00:11]} 5. Ngf3 {[%emt 0:00:05]} cxd4 {[%emt 0:00:10]} 6. Bc4 {[%emt 0:00:23]} Qd6 {[%emt 0:00:09]} 7. O-O {[%emt 0:00:22]} Nf6 {[%emt 0:00:09]} 8. Nb3 {[%emt 0:00:40]} Nc6 {[%emt 0:00:08]} 9. Nbxd4 {[%emt 0:00:31]} Nxd4 {[%emt 0:00:10]} 10. Nxd4 {[%emt 0:00:05]} a6 {[%emt 0:00:07]} 11. Re1 {[%emt 0:00:25]} Qc7 {[%emt 0:00:12]} 12. Qe2 {[%emt 0:00:33]} Bc5 {[%emt 0:08:06]} 13. c3 {[%emt 0:02:50]} h6 {[%emt 0:11:42]} 14. Bb3 {[%emt 0:07:15]} Bd7 {[%emt 0:03:01]} 15. Qf3 {[%emt 0:08:30]} O-O-O {[%emt 0:16:23]} 16. Bf4 {[%emt 0:02:24]} Bd6 {[%emt 0:01:14]} 17. Bxd6 {[%emt 0:01:35]} Qxd6 {[%emt 0:00:05]} 18. a4 {[%emt 0:02:47]} h5 {[%emt 0:07:13]} 19. h3 {[%emt 0:10:06]} h4 {[%emt 0:00:55]} 20. Qe3 {[%emt 0:03:05]} Bc6 {[%emt 0:10:00]} 21. Nxc6 {[%emt 0:03:24]} Qxc6 {[%emt 0:00:08]} 22. Bd1 {[%emt 0:01:37]} Nd5 {[%emt 0:00:53]} 23. Qg5 {[%emt 0:01:24]} Qc7 {[%emt 0:01:34]} 24. Bf3 {[%emt 0:16:57]} f6 {[%emt 0:06:20]} 25. Qc1 {[%emt 0:10:23]} Nf4 {[%emt 0:04:02]} 26. Qc2 {[%emt 0:00:03]} Rd3 {[%emt 0:01:08]} 27. Re3 {[%emt 0:03:48]} Rhd8 {[%emt 0:01:03]} 28. Qb3 {[%emt 0:03:47]} Kb8 {[%emt 0:04:45]} 29. a5 {[%emt 0:00:43]} e5 {[%emt 0:01:59]} 30. Ra4 {[%emt 0:01:29]} Rxe3 {[%emt 0:07:31]} 31. fxe3 {[%emt 0:00:02]} Nd3 {[%emt 0:00:01]} 32. Rc4 {[%emt 0:01:43]} Qe7 {[%emt 0:00:32]} 33. Be4 {[%emt 0:01:38]} f5 {[%emt 0:02:39]} 34. Bxd3 {[%emt 0:07:31]} Rxd3 {[%emt 0:00:02]} 35. Qb6 {[%emt 0:00:11]} Rd1+ {[%emt 0:03:38]} 36. Kh2 {[%emt 0:00:44]} e4 {[%emt 0:00:34]} 37. Qc5 {[%emt 0:01:20]} Qxc5 {[%emt 0:00:12]} 38. Rxc5 {[%emt 0:00:01]} g6 {[%emt 0:00:01]} 39. Re5 {[%emt 0:00:19]} Kc7 {[%emt 0:00:42]} 40. Re6 {[%emt 0:02:39]} g5 {[%emt 0:00:51]} 41. Rg6 {[%emt 0:01:41]} f4 {[%emt 0:00:15]} 42. Re6 {[%emt 0:00:03]} f3 {[%emt 0:01:17]} 43. gxf3 {[%emt 0:00:44]} exf3 {[%emt 0:00:13]} 44. Rf6 {[%emt 0:00:11]} Rd2+ {[%emt 0:01:14]} 45. Kg1 {[%emt 0:00:01]} Rg2+ {[%emt 0:00:29]} 46. Kh1 {[%emt 0:00:31]} Rg3 {[%emt 0:00:02]} 47. Kh2 {[%emt 0:00:04]} Rg2+ {[%emt 0:00:11]} 48. Kh1 {[%emt 0:00:01]} Rg3 {[%emt 0:00:01]} 49. Kh2 {[%emt 0:00:30]} Kd7 {[%emt 0:00:17]} 50. e4 {[%emt 0:02:29]} Ke7 {[%emt 0:00:02]} 51. e5 {[%emt 0:00:04]} Rg2+ {[%emt 0:00:06]} 52. Kh1 {[%emt 0:00:01]} Rg3 {[%emt 0:00:55]} 53. Kh2 {[%emt 0:00:14]} Rg2+ {[%emt 0:00:01]} 54. Kh1 {[%emt 0:00:20]} Rxb2 {[%emt 0:00:02]} 55. Rxf3 {[%emt 0:00:58]} Ke6 {[%emt 0:00:01]} 56. Kg1 {[%emt 0:01:07]} Rb5 {[%emt 0:01:19]} 57. Rf6+ {[%emt 0:00:04]} Kxe5 {[%emt 0:00:08]} 58. Rf7 {[%emt 0:00:14]} Ke4 {[%emt 0:01:29]} 59. Kg2 {[%emt 0:01:58]} Rb2+ {[%emt 0:01:41]} 60. Kg1 {[%emt 0:00:01]} Rb5 {[%emt 0:00:11]} 61. Kg2 {[%emt 0:00:01]} Rb2+ {[%emt 0:00:32]} 62. Kg1 {[%emt 0:00:01]} Kd3 {[%emt 0:00:01]} 63. Rc7 {[%emt 0:00:38]} Rb5 {[%emt 0:00:25]} 64. Kg2 {[%emt 0:00:31]} Rxa5 {[%emt 0:00:06]} 65. Rxb7 {[%emt 0:00:04]} Kxc3 {[%emt 0:00:12]} 66. Kf3 {[%emt 0:00:03]} Rb5 {[%emt 0:00:32]} 67. Re7 {[%emt 0:01:26]} a5 {[%emt 0:00:08]} 68. Re4 {[%emt 0:02:42]} Kb3 {[%emt 0:00:17]} 69. Re3+ {[%emt 0:00:11]} Kb2 {[%emt 0:00:06]} 70. Re2+ {[%emt 0:00:15]} Ka3 {[%emt 0:00:04]} 71. Kg4 {[%emt 0:00:23]} a4 {[%emt 0:00:10]} 0-1

[Event "VII Lorca Open 2018"]
[Site "Lorca"]
[Date "2018.12.30"]
[Round "8"]
[White "Morozov, Nichita"]
[Black "Sanchez Jerez, Emilio Miguel"]
[Result "1-0"]
[WhiteElo "2439"]
[BlackElo "2193"]
[Annotator "NA RC"]
[PlyCount "59"]
[EventDate "2018.12.26"]
[EventType "swiss"]
[EventCountry "ESP"]
[SourceTitle "playchess.com"]
[Source "ChessBase"]
[SourceQuality "1"]
[TimeControl "5400+30"]

1. d4 {[%emt 0:00:49]} e6 {[%emt 0:00:00]} 2. c4 {[%emt 0:00:08]} d5 {[%emt 0:00:00]} 3. Nf3 {[%emt 0:00:08]} a6 {[%emt 0:00:00]} 4. cxd5 {[%emt 0:00:17]} exd5 {[%emt 0:00:00]} 5. Nc3 {[%emt 0:00:04]} c6 {[%emt 0:00:03]} 6. Qb3 {[%emt 0:00:23]} Nf6 {[%emt 0:00:14]} 7. Bg5 {[%emt 0:00:03]} Be7 {[%emt 0:00:11]} 8. e3 {[%emt 0:00:02]} Nbd7 {[%emt 0:00:54]} 9. Bd3 {[%emt 0:00:04]} h6 {[%emt 0:00:49]} 10. Bh4 {[%emt 0:00:03]} O-O {[%emt 0:00:23]} 11. O-O {[%emt 0:00:04]} Ne4 {[%emt 0:01:20]} 12. Bxe7 {[%emt 0:00:19]} Qxe7 {[%emt 0:00:07]} 13. a3 {[%emt 0:03:14]} Ndf6 {[%emt 0:05:30]} 14. Qc2 {[%emt 0:00:12]} Nd6 {[%emt 0:11:06]} 15. Nd2 {[%emt 0:05:22]} g6 {[%emt 0:01:26]} 16. Rae1 {[%emt 0:01:46]} Bf5 {[%emt 0:03:15]} 17. f3 {[%emt 0:00:17]} Bxd3 {[%emt 0:03:10]} 18. Qxd3 {[%emt 0:00:02]} Rad8 {[%emt 0:09:31]} 19. e4 {[%emt 0:00:33]} dxe4 {[%emt 0:01:44]} 20. fxe4 {[%emt 0:00:02]} Nb5 {[%emt 0:07:55]} 21. Nxb5 {[%emt 0:00:06]} axb5 {[%emt 0:00:18]} 22. e5 {[%emt 0:00:25]} Nd5 {[%emt 0:06:47]} 23. Ne4 {[%emt 0:01:02]} Kg7 {[%emt 0:08:52]} 24. Qg3 {[%emt 0:05:05]} Nc7 {[%emt 0:07:33]} 25. Nd6 {[%emt 0:00:41]} Qg5 {[%emt 0:01:01]} 26. Qf2 {[%emt 0:03:18]} b6 {[%emt 0:17:58]} 27. Nxf7 {[%emt 0:05:08]} Qg4 {[%emt 0:06:07]} 28. Qf6+ {[%emt 0:00:44]} Kh7 {[%emt 0:00:01]} 29. Rf4 {[%emt 0:01:45]} Qe6 {[%emt 0:01:05]} 30. Nxd8 {[%emt 0:00:03]} 1-0